banner koha

Os residuos solidos na organizacao do espaco e na qualidade do ambiente urbano: uma contribuicao geografica ao estudo do problema na cidade de Sao Paulo [Brasil] (Registro n. 276488)

MARC details
000 -LÍDER
campo de controle de tamanho fixo 01122nac a22002897a 4500
001 - NÚMERO DE CONTROLE
campo de controle BR8304337
003 - IDENTIFICADOR DO NÚMERO DE CONTROLE
campo de controle BR-BrBNA
005 - DATA E HORÁRIO DA ÚLTIMA TRANSAÇÃO
campo de controle 20240105115815.0
008 - CAMPO DE DADOS FIXOS--INFORMAÇÃO GERAL
campo de controle de tamanho fixo 230509b bl.|||m| |||| 00| 0 por d
040 ## - FONTE DA CATALOGAÇÃO
Instituição da catalogação original BR-BrBNA
Idioma da catalogação por
Instituição que transcreveu o registro Biblioteca Nacional de Agricultura
072 ## - CÓDIGO DE CATEGORIA DE ASSUNTO
Código de Categoria de Assunto T00; E50
090 ## - NÚMERO DE CHAMADA LOCAL
Número de chamada T00 BR8304337
100 1# - ENTRADA PRINCIPAL--NOME PESSOAL
Nome pessoal Ogata, M.G.
110 1# - ENTRADA PRINCIPAL--NOME CORPORATIVO
Nome corporativo ou nome da jurisdição Superintendencia de Recursos Naturais e Meio Ambiente, Rio de Janeiro, RJ (Brasil)
9 (RLIN) 10047
245 1# - TÍTULO
Título Os residuos solidos na organizacao do espaco e na qualidade do ambiente urbano: uma contribuicao geografica ao estudo do problema na cidade de Sao Paulo [Brasil]
260 3# - PUBLICAÇÃO, DISTRIBUIÇÃO, ETC.
Local de publicação, distribuição, etc. Rio de Janeiro, RJ (Brasil):
Data da publicação, distribuição, etc. 1983.
300 ## - DESCRIÇÃO FÍSICA
Extensão 187 p.
490 ## - TÍTULO DA SÉRIE
Título da série Recursos Naturais e Meio Ambiente - Superintendencia de Recursos Naturais e Meio Ambiente (Brazil)
Número do volume ou designação sequencial da série no. 8
ISSN - International Standard Serial Number
500 ## - NOTA GERAL
Nota geral 23 illus.; Bibliography p. 147-156 (124 ref.); 10 Maps, scale 1:25.000
650 ## - ASSUNTO--TERMO TÓPICO
Cabeçalho tópico ou nome geográfico RESIDUO SOLIDO
650 ## - ASSUNTO--TERMO TÓPICO
Cabeçalho tópico ou nome geográfico MEIO AMBIENTE
650 ## - ASSUNTO--TERMO TÓPICO
Cabeçalho tópico ou nome geográfico POLUICAO
650 ## - ASSUNTO--TERMO TÓPICO
Cabeçalho tópico ou nome geográfico ZONA URBANA
650 ## - ASSUNTO--TERMO TÓPICO
Cabeçalho tópico ou nome geográfico SAO PAULO
909 ## -
-- 202312
-- Lúcia Elande
-- 55
-- Lúcia Elande
942 ## - ELEMENTOS DE ENTRADA ADICIONADOS (KOHA)
Fonte da classificação ou esquema de arquivamento na estante Classificação AGRIS
Ocultar no OPAC Não
Tipo de material Koha Monografia Seriada
Exemplares
Situação do descarte Fonte da classificação ou esquema de arquivamento na estante Situação física Não pode ser emprestado Coleção Biblioteca de origem Biblioteca atual Localização na estante Total de empréstimos Número de telefone completo Código de barras Data de último acesso Tipo de material Koha Fonte de aquisição
  Classificação AGRIS       Biblioteca Nacional de Agricultura - Binagri Biblioteca Nacional de Agricultura - Binagri Agrobase - Acervo Geral   T00 BR8304337 T00 BR8304337 18/12/2023 Monografia Seriada Portaria Interministerial nº 164/94

BINAGRI

Telefone: (61)3218-2567/2388/3357/2097 - binagri@agro.gov.br

Ministério da Agricultura e Pecuária , Esplanada dos Ministérios, Bloco D, Anexo B, Brasília/DF, CEP: 70.043-900